L´asino d´oro (Record no. 7927)
[ view plain ]
| 000 -CABECERA | |
|---|---|
| campo de control de longitud fija | 01218nam a2200325 a 4500 |
| 001 - NÚMERO DE CONTROL | |
| campo de control | BRCA_8259 |
| 005 - FECHA Y HORA DE LA ÚLTIMA TRANSACCIÓN | |
| campo de control | 20190320210211.0 |
| 008 - DATOS DE LONGITUD FIJA--INFORMACIÓN GENERAL | |
| campo de control de longitud fija | 040614s1550----it-####g##---#000-0#ita-# |
| 041 ## - CÓDIGO DE LENGUA | |
| Código de lengua del texto/banda sonora o título independiente | ita |
| 044 ## - CÓDIGO DEL PAÍS DE LA ENTIDAD EDITORA/PRODUCTORA | |
| Código MARC del país | it |
| 050 #4 - SIGNATURA TOPOGRÁFICA DE LA BIBLIOTECA DEL CONGRESO | |
| Número de clasificación | PQ4185 |
| Número de documento/Ítem | .M3 1550 |
| 100 1# - ENTRADA PRINCIPAL--NOMBRE DE PERSONA | |
| Nombre de persona | Machiavelli, Nicolo |
| Fechas asociadas al nombre | 1469-1527 |
| 9 (RLIN) | 20618 |
| 245 10 - MENCIÓN DE TÍTULO | |
| Título | L´asino d´oro |
| Mención de responsabilidad, etc. | Nicolo Machiavelli, citadino et secretario fiorentino. |
| 260 ## - PUBLICACIÓN, DISTRIBUCIÓN, ETC. | |
| Lugar de publicación, distribución, etc. | Florencia |
| Fecha de publicación, distribución, etc. | 1550 |
| 300 ## - DESCRIPCIÓN FÍSICA | |
| Extensión | 158 p. |
| Dimensiones | 22 cm. |
| 500 ## - NOTA GENERAL | |
| Nota general | En lomo: Machià L´asino D´oro - 335 |
| 500 ## - NOTA GENERAL | |
| Nota general | Ejemplar encuadernado en pergamino |
| 500 ## - NOTA GENERAL | |
| Nota general | En segunda de forros sello en color rojo de P. Rolandi. Forking Bookseller Circulating Library. 20 Berners St. London |
| 500 ## - NOTA GENERAL | |
| Nota general | Fondo antiguo |
| 500 ## - NOTA GENERAL | |
| Nota general | Ejemplar se encuentra en caja fuerte |
| 500 ## - NOTA GENERAL | |
| Nota general | T49 |
| 500 ## - NOTA GENERAL | |
| Nota general | Con Ex- libris de: Franz Mayer |
| 505 0# - NOTA DE CONTENIDO CON FORMATO | |
| Nota de contenido con formato | Con tutte laltre sue operette: la contenenza delle quali haurainella seguente carta. |
| 506 0# - NOTA DE RESTRICCIONES AL ACCESO | |
| Limitaciones de acceso | Fondo reservado: para su consulta es necesario credencial de usuario y carta de motivos |
| 650 14 - PUNTO DE ACCESO ADICIONAL DE MATERIA--TÉRMINO DE MATERIA | |
| Término de materia o nombre geográfico como elemento de entrada | Poesía |
| Subdivisión general | Renacimiento |
| 9 (RLIN) | 20619 |
| 650 14 - PUNTO DE ACCESO ADICIONAL DE MATERIA--TÉRMINO DE MATERIA | |
| Término de materia o nombre geográfico como elemento de entrada | Escritores italianos |
| Subdivisión general | Renacimiento |
| 9 (RLIN) | 20620 |
| 650 14 - PUNTO DE ACCESO ADICIONAL DE MATERIA--TÉRMINO DE MATERIA | |
| Término de materia o nombre geográfico como elemento de entrada | Literatura italiana |
| 9 (RLIN) | 20621 |
| 902 ## - CATALOGADOR | |
| Iniciales | LAR |
| 942 ## - ELEMENTOS DE PUNTO DE ACCESO ADICIONAL (KOHA) | |
| Fuente del sistema de clasificación o colocación | Library of Congress Classification |
| Tipo de ítem Koha | Libros |
| Estado de retiro | Estado de pérdida | Estado dañado | No para préstamo | Localización permanente | Ubicación/localización actual | Fecha de adquisición | Número de inventario | Total de préstamos | Signatura topográfica completa | Código de barras | Fecha visto por última vez | Precio válido a partir de | Tipo de ítem Koha |
|---|---|---|---|---|---|---|---|---|---|---|---|---|---|
| El ejemplar forma parte de la colección y puede ser consultado según las políticas vigentes. | Biblioteca del Museo Franz Mayer (Rogerio Casas-Alatriste) | Biblioteca del Museo Franz Mayer (Rogerio Casas-Alatriste) | 04/06/2014 | T49 | PQ4185 .M3 1550 (T49) | LAR00023 | 22/03/2019 | 22/03/2019 | Libros |